Most Popular Quizzes on JetPunk - Statistics

General Stats
  • This quiz has been taken 1,094 times
    1,054 since last reset
  • The average score is 3 of 30
Answer Stats
# Taken Quizzes % Correct
3,591,088 Countries of the World
95%
1,863,806 States in the USA
51%
314,585 World Capitals
31%
257,081 Country Flags
24%
220,630 US Presidents
15%
645,581 Fast Typing to 100
11%
537,142 Europe Map Quiz
10%
272,827 NBA Teams
10%
183,803 Africa Map Quiz
8%
218,917 Fast Typing A to Z
8%
426,921 NFL Football Teams
8%
112,288 Biggest Countries by Population
7%
208,829 East Asia Map
7%
124,172 US State Capitals Quiz
7%
133,825 Periodic Table Quiz
6%
159,872 12 Months in 15 Seconds
5%
130,878 South America Map Quiz
5%
427,854 United States Map
5%
223,755 Harry Potter Last Names
4%
219,623 The 8 Planets
3%
408,133 Fifty States in One Minute
2%
219,214 Major League Baseball Teams
2%
133,154 Name That Fruit
2%
172,581 Pokemon Quiz
2%
188,353 2000's Catchphrases
1%
125,862 40 Historical People (Everyone Should Know)
1%
259,311 Fresh Prince Lyrics
1%
170,374 Mythical Creatures
1%
133,073 Państwa Świata
1%
114,515 Two Letter State Abbreviations
1%
No matching quizzes found
Score Distribution
Percent of People with Each Score
Percentile by Number Answered
Your Score History
You have not taken this quiz since the last reset